000 00265nam a2200109Ia 4500
008 190919s9999||||xx |||||||||||||| ||und||
100 _aReed, Cotter , Gill
245 0 _aCommercial Banking
260 _aNew Jersey
_bPrentice
_c2000
300 _a597
942 _cBK
999 _c10576
_d10576